KEDİLER ALEMİNİN TEK (Record no. 948177)

MARC details
000 -LEADER
sabit uzunluktaki kontrol alanı 00256nam a2200097Ia 4500
001 - KONTROL NUMARASI
kontrol alanı 948177
005 - EN SON İŞLEMİN TARİH VE ZAMANI
kontrol alanı 20250826215514.0
008 - SABİT-UZUNLUKTA VERİ ÖĞELERİ--GENEL BİLGİ
sabit uzunluktaki kontrol alanı 250824s9999 xx 000 0 und d
245 #0 - ESER / YAZAR
ESER ADI KEDİLER ALEMİNİN TEK
Yazar Adı CİHAN DEMİRCİ
260 ## - YAYIN, DAĞITIM, VB.
YAYIN EVİ KIRMIZI KEDİ YAYINLARI
Holdings
Düşüm durumu Kayıp durumu Hasar Durumu Ödünç verilmez Ana kütüphane Geçerli Kütüphane Edinilen tarih Toplam ödünç verme sayısı Barkod Son görüntüleme tarihi Fiyatın geçerli olmaya başladığı tarih Koha materyal türü
        KAZIM ÖZENÇ SEÇEN ORTAOKULU KAZIM ÖZENÇ SEÇEN ORTAOKULU 24.08.2025   10481412 26.08.2025 26.08.2025 Books